000 00631nam a2200229Ia 4500
005 20260429112225.0
008 260429s9999||||xx |||||||||||||| ||und||
020 _a9789383101948
041 _aEnglish
082 _a572.86
_bKUM
100 _aKumar, R.N.
245 0 _aMolecular biology and DNA recombinant technology /
_cR.N. Kumar
260 _aJaipur :
_bAgrotech Press,
_c2025.
300 _aviii, 288 p.; hb
650 _a Biochemical genetics
650 _a Deoxyribonucleic acid
650 _a DNA
650 _a Molecular biology
650 _a Recombinant technology
650 _aBiochemistry
942 _cTB
999 _c52976
_d52976